Divided Country Shape Puzzle #1 - Statistics

General Stats
  • This quiz has been taken 52,816 times
  • The average score is 10 of 15
Answer Stats
Country Name % Correct
Australia
94%
Spain
90%
Egypt
89%
Morocco
88%
Senegal
84%
Brazil
79%
Saudi Arabia
59%
Angola
58%
Iran
54%
UAE
53%
Ethiopia
51%
Nepal
48%
Austria
46%
Zambia
45%
Guatemala
40%
No matching quizzes found
Score Distribution
Percent of People with Each Score
Percentile by Number Answered
Your Score History
You have not taken this quiz